UBT Library

Charlie Calvert's Delphi 4 unleashed (Record no. 1268)

000 -LEADER
fixed length control field 00549nam a22001937a 4500
008 - FIXED-LENGTH DATA ELEMENTS--GENERAL INFORMATION
fixed length control field 151013b xxu||||| |||| 00| 0 eng d
020 ## - INTERNATIONAL STANDARD BOOK NUMBER
International Standard Book Number 0672312859
041 0# - LANGUAGE CODE
Language code of text/sound track or separate title eng
080 ## - UNIVERSAL DECIMAL CLASSIFICATION NUMBER
Universal Decimal Classification number 004.42
100 1# - Rafti
Rafti Calvert, Charles.
245 10 - TITLE STATEMENT
Title Charlie Calvert's Delphi 4 unleashed
Statement of responsibility, etc Charlie Calvert.
246 10 - VARYING FORM OF TITLE
Title proper/short title Delphi 4 unleashed
250 ## -
-- 1st ed.
260 ## -
-- [Indianapolis, Ind.] :
-- Sams,
-- 1999.
300 ## -
-- 1152 f.:
-- me il.;
-- 24 cm.
650 #0 -
-- Delphi (Computer file)
650 #0 -
-- Programim
942 ## - ADDED ENTRY ELEMENTS (KOHA)
Source of classification or shelving scheme
Item type Books
Holdings
Withdrawn status Lost status Source of classification or shelving scheme Damaged status Not for loan Collection code Permanent location Current location Shelving location Date acquired Total Checkouts Full call number Barcode Date last seen Price effective from Koha item type
          Koleksioni i përgjithshem UBT - Lipjan UBT - Lipjan Koleksioni i përgjithshem 10/13/2015   004.42 CAL 002-008307 10/13/2015 10/13/2015 Books
UBT Library © 2015-2024. All rights reserved University Education for Business and Technology